000 00697nam a2200241Ia 4500
001 dia_6699
003 CHAP
005 20251030134646.0
008 220117s1953 xx 000 0 und d
010 _a177959
040 _cCHAP
090 _aF 104 1953
100 _aSmith, Charles W.
_9162564
245 _aHaga hablar sus cifras de venta /
_c Charles W. Smith
260 _aMéxico :
_b Internacional Cooperation Administration,
_c1953
300 _a55 p.
440 _aAdministración de pequeños negocios ; 6
_9162565
901 _aF 104 1953
902 _aM
905 _a0000001953 MX 0000000000SPA00
942 _cFOLL
_2local
942 _c12
_2ddc
999 _c177959
_d177959